000 00870nam a22002897a 4500
001 BR6400246
003 BR-BrBNA
005 20230928083417.0
007 ta
008 230509b bl.||||| |||| 00| 0 por d
040 _aBR-BrBNA
_bpor
_cBiblioteca Nacional de Agricultura
041 _a(Por)
072 _aK20; E30
_b8915
_b/G514
090 _ 8915 BR6400246
110 1 _aCompanhia de Desenvolvimento Economico do Parana, Curitiba (Brasil)
_92375
245 1 _aO Parana e a economia madeireira
260 3 _aCuritiba, PR (Brasil):
_c1964.
300 _a171 p.
500 _a33 tables. (*) Documento disponível na(o) Biblioteca Publica do Parana, Curitiba (Brazil)
650 _aECONOMIA FLORESTAL
650 _aPOLITICA FLOESTAL
650 _aMADEIRA
650 _aPINHEIRO
650 _aPARANA
909 _a202309
_bLucia
_c55
_dLucia Elande
942 _cBK
999 _c13324
_d13324